000 005500000a22001810004500
003 MACL
005 20160609161904.0
008 160609b xxu||||| |||| 00| 0 eng d
040 _aMACL
_cmacl
041 _aHindi
082 _a580
100 _aबेदी, रामेश
_940210
245 _aजंगल की जडी-बूटिया
_cरामेश बेदी
260 _bराजकमल प्रकाशन
_c2000
_aनई दिल्‍ली
350 _a195
650 _aPlants
_963614
942 _cHIN
_k580
_2ddc
999 _c29862
_d29862